Spell the Marvel Character #401 - Statistics

General Stats
  • This quiz has been taken 11 times
  • The average score is 10 of 12
Answer Stats
Picture Answer % Correct
Echo
100%
Elektra
100%
Iron Lad
100%
Thor (Jane Foster)
100%
Pixie
91%
Dust
82%
Luna Snow
82%
Speed
82%
Stinger
82%
Energizer
73%
Steel Spider
73%
Risque
45%
No matching quizzes found
Score Distribution
Percent of People with Each Score
Percentile by Number Answered
Your Score History
You have not taken this quiz